Normal view
MARC view
Entry Personal Name
001 - CONTROL NUMBER
- control field: 168072
003 - CONTROL NUMBER IDENTIFIER
- control field: OSt
005 - DATE AND TIME OF LATEST TRANSACTION
- control field: 20220923224526.0
008 - FIXED-LENGTH DATA ELEMENTS
- fixed length control field: 220923|| aca||aabn | a|a d
040 ## - CATALOGING SOURCE
- Original cataloging agency: OSt
- Transcribing agency: OSt
100 ## - HEADING--PERSONAL NAME
- Personal name: काश्यप, सुभाष; गुप्त, विश्वप्रकाश
670 ## - SOURCE DATA FOUND
- Source citation: Work cat.: (OSt)371984: काश्यप, सुभाष; गुप्त, विश्वप्रकाश, राजनीति कोश, 2009
